000 00920naa a22002657a 4500
001 BR8708478
003 BR-BrBNA
005 20240918175924.0
007 ta
008 230509b bl.||||| |||| 00| 0 por d
040 _aBR-BrBNA
_bpor
_cBiblioteca Nacional de Agricultura
041 _a(Pt)
072 _aF06; E13
090 _aF06 BR8708478
100 1 _aMendes, V.M.R.
245 1 _aCondicoes de financiamento [irrigacao]
260 3 _aSao Paulo, SP (Brasil):
_c1984.
500 _aCapacitacao basica em irrigacao. Programa de treinamento tecnico, n. 4 Sao Paulo, SP (Brasil): 1984. p. 261-289 (BR8708478-AM)F06
650 _aIRRIGACAO
650 _aCREDITO RURAL
650 _aFINANCIAMENTO
773 0 _tCapacitacao basica em irrigacao. Programa de treinamento tecnico, n. 4
_b
_wF06 BR8708478
_gSao Paulo, SP (Brasil), 1984. p. 261-289
909 _a202404
_bLucia
_c55
_dLucia Elande
942 _cAM
_2AGRIS
999 _c318814
_d318814